Nuevos criterios para el otorgamiento de incentivos fiscales al sector manufacturero /
Gardado en:
| Autor Principal: | |
|---|---|
| Formato: | Texto |
| Etiquetas: |
Engadir etiqueta
Sen Etiquetas, Sexa o primeiro en etiquetar este rexistro!
|
MARC
| LEADER | 00000 a a2200000 04500 | ||
|---|---|---|---|
| 001 | 3068 | ||
| 003 | |||
| 040 | |||
| 100 | |a Monge González, Ricardo | ||
| 245 | |a Nuevos criterios para el otorgamiento de incentivos fiscales al sector manufacturero / |c Ricardo Monge González | ||
| 773 | |g volumen 4, número 1; páginas 3-20 | ||
| 999 | |c 29541 |d 29541 | ||
